Monotone blue /

Nella scuola del gatto Hachi, popolata da soli mammiferi si è appena trasferita una lucertola di nome Aoi. Ma nemmeno il suo arrivo smuove l'interesse di Hachi, annoiato da mille giornate tutte uguali. Finché un giorno, dopo le lezioni, non scorge qualcosa che Aoi voleva tenere segreto: un blu così...

Deskribapen osoa

Gorde:
Xehetasun bibliografikoak
Egile nagusia: Nagabe (Egilea)
Formatua: Liburua
Hizkuntza:italiera
Argitaratua: Milano : BD, 2021
Saila:J-pop
Etiketak: Etiketa erantsi
Etiketarik gabe, Izan zaitez lehena erregistro honi etiketa jartzen!

MARC

LEADER 00000nam a22000007i 4500
001 IT\ICCU\PCM\0031399
003 ItRI
005 20251113154605.0
008 221010s2021 it |||||| ||||| |||||c
020 |a 9788834910764 
040 |b ita  |c Arcigay Genova 
041 7 |a ita  |2 ISO-639-2 
082 |a 741.5952  |2 23 
100 0 |a Nagabe  |0 IT\ICCU\UBOV\469687  |4 aut 
240 1 0 |a Monotone blue  |9 Nagabe 
245 1 0 |a Monotone blue /  |c Nagabe. 
260 |a Milano :  |b BD,  |c 2021 
300 |a 1 v. (senza paginazione) :  |b manga, ill. ;  |c 18 cm 
520 |a Nella scuola del gatto Hachi, popolata da soli mammiferi si è appena trasferita una lucertola di nome Aoi. Ma nemmeno il suo arrivo smuove l'interesse di Hachi, annoiato da mille giornate tutte uguali. Finché un giorno, dopo le lezioni, non scorge qualcosa che Aoi voleva tenere segreto: un blu così intenso da risvegliarlo di colpo dal torpore. Ed è allora che Hachi gli propone un semplice patto... 
830 0 |a J-pop  |0 IT\ICCU\ANA\0493938 
942 |2 ddc  |c BK 
952 |0 0  |1 0  |2 ddc  |4 0  |6 NAG_MON_741_500000000000000  |7 0  |9 9846  |a GE  |b GE  |d 2025-11-04  |l 0  |o NAG MON 741.5  |p 2057  |r 2025-11-04 16:58:03  |w 2025-11-04  |y BK  |z donazione di Bella Cevasco 
981 1 |6 z01  |a i   |b xxxe  
982 1 |6 z01  |a n 
999 |c 8208  |d 8208